[Event "Collado Villalba Grupo Gallinero op 1st"]
[Site "Collado Villalba"]
[Date "2022.08.12"]
[Round "1"]
[White "Garcia Callejo, Jesus"]
[Black "Perez Pascual, Arturo"]
[Result "1-0"]
[WhiteElo "2161"]
[BlackElo "1696"]
[PlyCount "61"]
[EventDate "2022.08.12"]
[EventType "swiss"]
[EventRounds "9"]
[EventCountry "ESP"]
[SourceTitle "CBM 210 Extra"]
[Source "ChessBase"]
[SourceDate "2022.11.30"]
[SourceVersion "1"]
[SourceVersionDate "2022.11.30"]
[SourceQuality "1"]

1. e4 e5 2. Nc3 Nf6 3. f4 d5 4. fxe5 Nxe4 5. Nf3 Bb4 6. Qe2 Bxc3 7. dxc3 0-0 8. Bf4 c6 9. 0-0-0 Bg4 10. h3 Be6 11. Nd2 Nc5 12. Qf2 Nbd7 13. Qg3 Kh8 14. Bd3 b5 15. Nf3 Nxd3+ 16. cxd3 Qa5 17. a3 c5 18. Bd2 Qa4 19. Qf4 Qb3 20. Ng5 Rac8 21. Rhf1 a5 22. Nxe6 fxe6 23. Qg5 b4 24. Rxf8+ Nxf8 25. axb4 cxb4 26. Rf1 bxc3 27. Bxc3 Ng6 28. Qg4 Nxe5 29. Qd4 Rxc3+ 30. Qxc3 Qb8 31. Qxe5 1-0

[Event "Collado Villalba op 38th"]
[Site "Collado Villalba"]
[Date "2021.08.26"]
[Round "6"]
[White "Perez Pascual, Arturo"]
[Black "Rodriguez de Robles, Ignacio"]
[Result "1/2-1/2"]
[WhiteElo "1693"]
[BlackElo "1826"]
[PlyCount "94"]
[EventDate "2021.08.21"]
[EventType "swiss"]
[EventRounds "9"]
[EventCountry "ESP"]
[SourceTitle "CBM 204 Extra"]
[Source "ChessBase"]
[SourceDate "2021.11.30"]
[SourceVersion "1"]
[SourceVersionDate "2021.11.30"]
[SourceQuality "1"]

1. e4 e5 2. Nf3 Nc6 3. Bb5 a6 4. Ba4 Nf6 5. d4 b5 6. Bb3 Nxd4 7. Nxd4 exd4 8. e5 c5 9. exf6 d5 10. Qe2+ Be6 11. fxg7 Bxg7 12. c3 c4 13. Bd1 d3 14. Qf3 d4 15. 0-0 dxc3 16. Qc6+ Kf8 17. bxc3 b4 18. Qc5+ Qe7 19. Qxe7+ Kxe7 20. Bd2 a5 21. Bf3 Rab8 22. Re1 Rhc8 23. Bf4 bxc3 24. Bxb8 Rxb8 25. Na3 c2 26. Nxc2 Bxa1 27. Nxa1 c3 28. Rc1 c2 29. Nxc2 dxc2 30. Be4 Kf6 31. f3 Rc8 32. Bxh7 a4 33. Rxc2 Rb8 34. h4 Rb4 35. g3 Ke5 36. Rd2 f5 37. Kf2 Kf6 38. h5 a3 39. Ke3 Rb2 40. g4 Bxa2 41. Bxf5 Rxd2 42. Kxd2 Bd5 43. Kc3 Kg5 44. f4+ Kxf4 45. h6 Bg8 46. Be6 Bh7 47. Bf5 Bg8 1/2-1/2